[Event "Saint Affrique op 22nd"]
[Site "Saint Affrique"]
[Date "2014.07.24"]
[Round "7"]
[White "Bernard, Elodie"]
[Black "Barascud, Rebecca"]
[Result "1-0"]
[WhiteElo "1113"]
[BlackElo "1020"]
[PlyCount "101"]
[EventDate "2014.07.19"]
[EventType "swiss"]
[EventRounds "9"]
[EventCountry "FRA"]
[SourceTitle "CBM 161 Extra"]
[Source "ChessBase"]
[SourceDate "2014.08.29"]
[SourceVersion "1"]
[SourceVersionDate "2014.08.29"]
[SourceQuality "1"]

1. e4 e5 2. Nf3 Nc6 3. Bc4 Bc5 4. 0-0 d6 5. h3 Be6 6. Bb3 h6 7. Nc3 Nf6 8. d3 0-0 9. Be3 Bb6 10. Nd5 Bxd5 11. Bxd5 Bxe3 12. fxe3 Nxd5 13. exd5 Ne7 14. e4 Ng6 15. d4 Qe7 16. dxe5 dxe5 17. Qd2 Nf4 18. Rad1 Qf6 19. Nh2 Qh4 20. Rf3 Rad8 21. Re1 c6 22. c4 Rd6 23. Ree3 Rg6 24. Rf2 Rg5 25. Nf3 Qh5 26. Nxg5 Qxg5 27. Qd1 Nh5 28. Ref3 f6 29. Rf5 Qh4 30. Rxh5 Qg3 31. Rf3 Qg6 32. Re3 f5 33. exf5 Rxf5 34. Rxf5 Qxf5 35. d6 Qd7 36. Rxe5 Kf7 37. Re7+ Qxe7 38. dxe7 Kxe7 39. b4 a6 40. Qd3 b6 41. b5 axb5 42. cxb5 cxb5 43. Qxb5 Kd8 44. Qxb6+ Kc8 45. a4 Kd7 46. a5 Ke7 47. a6 Kf7 48. a7 Kg8 49. a8R+ Kh7 50. Qb4 g6 51. Qb7# 1-0